<?xml version="1.0" encoding="UTF-8"?>
<record
    xmlns:xsi="http://www.w3.org/2001/XMLSchema-instance"
    xsi:schemaLocation="http://www.loc.gov/MARC21/slim http://www.loc.gov/standards/marcxml/schema/MARC21slim.xsd"
    xmlns="http://www.loc.gov/MARC21/slim">

  <leader>00506nam a2200181   4500</leader>
  <controlfield tag="003">SEACOMEC</controlfield>
  <controlfield tag="005">20240620151319.0</controlfield>
  <controlfield tag="008">240523b        |||||||| |||| 00| 0 eng d</controlfield>
  <datafield tag="020" ind1=" " ind2=" ">
    <subfield code="c">390.00</subfield>
    <subfield code="a">9788121924405</subfield>
  </datafield>
  <datafield tag="040" ind1=" " ind2=" ">
    <subfield code="a">SEACOMEC</subfield>
  </datafield>
  <datafield tag="082" ind1=" " ind2=" ">
    <subfield code="a">621.3</subfield>
    <subfield code="b">T398</subfield>
  </datafield>
  <datafield tag="100" ind1=" " ind2=" ">
    <subfield code="a">Thereja, B.L.</subfield>
  </datafield>
  <datafield tag="245" ind1=" " ind2=" ">
    <subfield code="a">A Textbook of electrical technology : Vol- 1 </subfield>
    <subfield code="c">B.L.  Theraja, and A.K.  Theraja, </subfield>
  </datafield>
  <datafield tag="260" ind1=" " ind2=" ">
    <subfield code="a"> New Delhi: S. Chand &amp; Company Ltd, c2007</subfield>
  </datafield>
  <datafield tag="300" ind1=" " ind2=" ">
    <subfield code="a">Vol- 1</subfield>
  </datafield>
  <datafield tag="700" ind1=" " ind2=" ">
    <subfield code="a">Theraja, A.K</subfield>
  </datafield>
  <datafield tag="942" ind1=" " ind2=" ">
    <subfield code="c">BOOK</subfield>
  </datafield>
  <datafield tag="952" ind1=" " ind2=" ">
    <subfield code="0">0</subfield>
    <subfield code="1">0</subfield>
    <subfield code="2">ddc</subfield>
    <subfield code="4">0</subfield>
    <subfield code="7">0</subfield>
    <subfield code="a">SEACOMEC</subfield>
    <subfield code="b">SEACOMEC</subfield>
    <subfield code="d">2006-09-07</subfield>
    <subfield code="l">1</subfield>
    <subfield code="o">621.3 T398</subfield>
    <subfield code="p">5480</subfield>
    <subfield code="q">2026-04-16</subfield>
    <subfield code="r">2026-04-02 14:59:28</subfield>
    <subfield code="s">2026-04-02</subfield>
    <subfield code="w">2024-06-20</subfield>
    <subfield code="y">BOOK</subfield>
  </datafield>
  <datafield tag="952" ind1=" " ind2=" ">
    <subfield code="0">0</subfield>
    <subfield code="1">0</subfield>
    <subfield code="2">ddc</subfield>
    <subfield code="4">0</subfield>
    <subfield code="7">0</subfield>
    <subfield code="a">SEACOMEC</subfield>
    <subfield code="b">SEACOMEC</subfield>
    <subfield code="d">2006-09-07</subfield>
    <subfield code="l">0</subfield>
    <subfield code="o">621.3 T398</subfield>
    <subfield code="p">5481</subfield>
    <subfield code="r">2024-06-20 15:16:39</subfield>
    <subfield code="t">1</subfield>
    <subfield code="w">2024-06-20</subfield>
    <subfield code="y">BOOK</subfield>
  </datafield>
  <datafield tag="952" ind1=" " ind2=" ">
    <subfield code="0">0</subfield>
    <subfield code="1">0</subfield>
    <subfield code="2">ddc</subfield>
    <subfield code="4">0</subfield>
    <subfield code="7">0</subfield>
    <subfield code="a">SEACOMEC</subfield>
    <subfield code="b">SEACOMEC</subfield>
    <subfield code="d">2006-09-07</subfield>
    <subfield code="l">0</subfield>
    <subfield code="o">621.3 T398</subfield>
    <subfield code="p">5482</subfield>
    <subfield code="r">2024-06-20 15:16:39</subfield>
    <subfield code="t">2</subfield>
    <subfield code="w">2024-06-20</subfield>
    <subfield code="y">BOOK</subfield>
  </datafield>
  <datafield tag="952" ind1=" " ind2=" ">
    <subfield code="0">0</subfield>
    <subfield code="1">0</subfield>
    <subfield code="2">ddc</subfield>
    <subfield code="4">0</subfield>
    <subfield code="7">0</subfield>
    <subfield code="a">SEACOMEC</subfield>
    <subfield code="b">SEACOMEC</subfield>
    <subfield code="d">2006-09-07</subfield>
    <subfield code="l">0</subfield>
    <subfield code="o">621.3 T398</subfield>
    <subfield code="p">5483</subfield>
    <subfield code="r">2024-06-20 15:16:39</subfield>
    <subfield code="t">3</subfield>
    <subfield code="w">2024-06-20</subfield>
    <subfield code="y">BOOK</subfield>
  </datafield>
  <datafield tag="952" ind1=" " ind2=" ">
    <subfield code="0">0</subfield>
    <subfield code="1">0</subfield>
    <subfield code="2">ddc</subfield>
    <subfield code="4">0</subfield>
    <subfield code="7">0</subfield>
    <subfield code="a">SEACOMEC</subfield>
    <subfield code="b">SEACOMEC</subfield>
    <subfield code="d">2006-09-07</subfield>
    <subfield code="l">0</subfield>
    <subfield code="o">621.3 T398</subfield>
    <subfield code="p">5484</subfield>
    <subfield code="r">2024-06-20 15:16:39</subfield>
    <subfield code="t">4</subfield>
    <subfield code="w">2024-06-20</subfield>
    <subfield code="y">BOOK</subfield>
  </datafield>
  <datafield tag="952" ind1=" " ind2=" ">
    <subfield code="0">0</subfield>
    <subfield code="1">0</subfield>
    <subfield code="2">ddc</subfield>
    <subfield code="4">0</subfield>
    <subfield code="7">0</subfield>
    <subfield code="a">SEACOMEC</subfield>
    <subfield code="b">SEACOMEC</subfield>
    <subfield code="d">2006-09-07</subfield>
    <subfield code="l">0</subfield>
    <subfield code="o">621.3 T398</subfield>
    <subfield code="p">5485</subfield>
    <subfield code="r">2024-06-20 15:16:39</subfield>
    <subfield code="t">5</subfield>
    <subfield code="w">2024-06-20</subfield>
    <subfield code="y">BOOK</subfield>
  </datafield>
  <datafield tag="952" ind1=" " ind2=" ">
    <subfield code="0">0</subfield>
    <subfield code="1">0</subfield>
    <subfield code="2">ddc</subfield>
    <subfield code="4">0</subfield>
    <subfield code="7">0</subfield>
    <subfield code="a">SEACOMEC</subfield>
    <subfield code="b">SEACOMEC</subfield>
    <subfield code="d">2006-09-07</subfield>
    <subfield code="l">0</subfield>
    <subfield code="o">621.3 T398</subfield>
    <subfield code="p">5486</subfield>
    <subfield code="r">2024-06-20 15:16:39</subfield>
    <subfield code="t">6</subfield>
    <subfield code="w">2024-06-20</subfield>
    <subfield code="y">BOOK</subfield>
  </datafield>
  <datafield tag="952" ind1=" " ind2=" ">
    <subfield code="0">0</subfield>
    <subfield code="1">0</subfield>
    <subfield code="2">ddc</subfield>
    <subfield code="4">0</subfield>
    <subfield code="7">0</subfield>
    <subfield code="a">SEACOMEC</subfield>
    <subfield code="b">SEACOMEC</subfield>
    <subfield code="d">2006-09-07</subfield>
    <subfield code="l">1</subfield>
    <subfield code="o">621.3 T398</subfield>
    <subfield code="p">5487</subfield>
    <subfield code="q">2026-04-15</subfield>
    <subfield code="r">2026-04-01 16:31:19</subfield>
    <subfield code="s">2026-04-01</subfield>
    <subfield code="t">7</subfield>
    <subfield code="w">2024-06-20</subfield>
    <subfield code="y">BOOK</subfield>
  </datafield>
  <datafield tag="952" ind1=" " ind2=" ">
    <subfield code="0">0</subfield>
    <subfield code="1">0</subfield>
    <subfield code="2">ddc</subfield>
    <subfield code="4">0</subfield>
    <subfield code="7">0</subfield>
    <subfield code="a">SEACOMEC</subfield>
    <subfield code="b">SEACOMEC</subfield>
    <subfield code="d">2006-09-07</subfield>
    <subfield code="l">0</subfield>
    <subfield code="o">621.3 T398</subfield>
    <subfield code="p">5488</subfield>
    <subfield code="r">2024-06-20 15:16:39</subfield>
    <subfield code="t">8</subfield>
    <subfield code="w">2024-06-20</subfield>
    <subfield code="y">BOOK</subfield>
  </datafield>
  <datafield tag="952" ind1=" " ind2=" ">
    <subfield code="0">0</subfield>
    <subfield code="1">0</subfield>
    <subfield code="2">ddc</subfield>
    <subfield code="4">0</subfield>
    <subfield code="7">0</subfield>
    <subfield code="a">SEACOMEC</subfield>
    <subfield code="b">SEACOMEC</subfield>
    <subfield code="d">2006-09-07</subfield>
    <subfield code="l">0</subfield>
    <subfield code="o">621.3 T398</subfield>
    <subfield code="p">5489</subfield>
    <subfield code="r">2024-06-20 15:16:39</subfield>
    <subfield code="t">9</subfield>
    <subfield code="w">2024-06-20</subfield>
    <subfield code="y">BOOK</subfield>
  </datafield>
  <datafield tag="952" ind1=" " ind2=" ">
    <subfield code="0">0</subfield>
    <subfield code="1">0</subfield>
    <subfield code="2">ddc</subfield>
    <subfield code="4">0</subfield>
    <subfield code="7">0</subfield>
    <subfield code="a">SEACOMEC</subfield>
    <subfield code="b">SEACOMEC</subfield>
    <subfield code="d">2006-11-16</subfield>
    <subfield code="l">0</subfield>
    <subfield code="o">621.3 T398</subfield>
    <subfield code="p">5729</subfield>
    <subfield code="r">2024-06-20 15:17:36</subfield>
    <subfield code="t">10</subfield>
    <subfield code="w">2024-06-20</subfield>
    <subfield code="y">BOOK</subfield>
  </datafield>
  <datafield tag="952" ind1=" " ind2=" ">
    <subfield code="0">0</subfield>
    <subfield code="1">0</subfield>
    <subfield code="2">ddc</subfield>
    <subfield code="4">0</subfield>
    <subfield code="7">0</subfield>
    <subfield code="a">SEACOMEC</subfield>
    <subfield code="b">SEACOMEC</subfield>
    <subfield code="d">2006-11-16</subfield>
    <subfield code="l">0</subfield>
    <subfield code="o">621.3 T398</subfield>
    <subfield code="p">5730</subfield>
    <subfield code="r">2024-06-20 15:17:36</subfield>
    <subfield code="t">11</subfield>
    <subfield code="w">2024-06-20</subfield>
    <subfield code="y">BOOK</subfield>
  </datafield>
  <datafield tag="952" ind1=" " ind2=" ">
    <subfield code="0">0</subfield>
    <subfield code="1">0</subfield>
    <subfield code="2">ddc</subfield>
    <subfield code="4">0</subfield>
    <subfield code="7">0</subfield>
    <subfield code="a">SEACOMEC</subfield>
    <subfield code="b">SEACOMEC</subfield>
    <subfield code="d">2006-11-16</subfield>
    <subfield code="l">0</subfield>
    <subfield code="o">621.3 T398</subfield>
    <subfield code="p">5731</subfield>
    <subfield code="r">2024-06-20 15:17:36</subfield>
    <subfield code="t">12</subfield>
    <subfield code="w">2024-06-20</subfield>
    <subfield code="y">BOOK</subfield>
  </datafield>
  <datafield tag="952" ind1=" " ind2=" ">
    <subfield code="0">0</subfield>
    <subfield code="1">0</subfield>
    <subfield code="2">ddc</subfield>
    <subfield code="4">0</subfield>
    <subfield code="7">0</subfield>
    <subfield code="a">SEACOMEC</subfield>
    <subfield code="b">SEACOMEC</subfield>
    <subfield code="d">2006-11-16</subfield>
    <subfield code="l">0</subfield>
    <subfield code="o">621.3 T398</subfield>
    <subfield code="p">5732</subfield>
    <subfield code="r">2024-06-20 15:17:36</subfield>
    <subfield code="t">13</subfield>
    <subfield code="w">2024-06-20</subfield>
    <subfield code="y">BOOK</subfield>
  </datafield>
  <datafield tag="952" ind1=" " ind2=" ">
    <subfield code="0">0</subfield>
    <subfield code="1">0</subfield>
    <subfield code="2">ddc</subfield>
    <subfield code="4">0</subfield>
    <subfield code="7">0</subfield>
    <subfield code="a">SEACOMEC</subfield>
    <subfield code="b">SEACOMEC</subfield>
    <subfield code="d">2006-09-07</subfield>
    <subfield code="l">0</subfield>
    <subfield code="o">621.3 T398</subfield>
    <subfield code="p">5733</subfield>
    <subfield code="r">2024-06-20 15:18:20</subfield>
    <subfield code="t">14</subfield>
    <subfield code="w">2024-06-20</subfield>
    <subfield code="y">BOOK</subfield>
  </datafield>
  <datafield tag="952" ind1=" " ind2=" ">
    <subfield code="0">0</subfield>
    <subfield code="1">0</subfield>
    <subfield code="2">ddc</subfield>
    <subfield code="4">0</subfield>
    <subfield code="7">0</subfield>
    <subfield code="a">SEACOMEC</subfield>
    <subfield code="b">SEACOMEC</subfield>
    <subfield code="d">2007-08-28</subfield>
    <subfield code="l">0</subfield>
    <subfield code="o">621.3 T398</subfield>
    <subfield code="p">8328</subfield>
    <subfield code="r">2024-06-20 15:24:20</subfield>
    <subfield code="t">15</subfield>
    <subfield code="w">2024-06-20</subfield>
    <subfield code="y">BOOK</subfield>
  </datafield>
  <datafield tag="952" ind1=" " ind2=" ">
    <subfield code="0">0</subfield>
    <subfield code="1">0</subfield>
    <subfield code="2">ddc</subfield>
    <subfield code="4">0</subfield>
    <subfield code="7">0</subfield>
    <subfield code="a">SEACOMEC</subfield>
    <subfield code="b">SEACOMEC</subfield>
    <subfield code="d">2007-08-28</subfield>
    <subfield code="l">1</subfield>
    <subfield code="o">621.3 T398</subfield>
    <subfield code="p">8329</subfield>
    <subfield code="q">2026-03-31</subfield>
    <subfield code="r">2026-03-17 12:41:41</subfield>
    <subfield code="s">2026-03-17</subfield>
    <subfield code="t">16</subfield>
    <subfield code="w">2024-06-20</subfield>
    <subfield code="y">BOOK</subfield>
  </datafield>
  <datafield tag="952" ind1=" " ind2=" ">
    <subfield code="0">0</subfield>
    <subfield code="1">0</subfield>
    <subfield code="2">ddc</subfield>
    <subfield code="4">0</subfield>
    <subfield code="7">0</subfield>
    <subfield code="a">SEACOMEC</subfield>
    <subfield code="b">SEACOMEC</subfield>
    <subfield code="d">2007-08-28</subfield>
    <subfield code="l">1</subfield>
    <subfield code="o">621.3 T398</subfield>
    <subfield code="p">8330</subfield>
    <subfield code="r">2026-04-01 11:49:34</subfield>
    <subfield code="s">2026-03-18</subfield>
    <subfield code="t">17</subfield>
    <subfield code="w">2024-06-20</subfield>
    <subfield code="y">BOOK</subfield>
  </datafield>
  <datafield tag="952" ind1=" " ind2=" ">
    <subfield code="0">0</subfield>
    <subfield code="1">0</subfield>
    <subfield code="2">ddc</subfield>
    <subfield code="4">0</subfield>
    <subfield code="7">0</subfield>
    <subfield code="a">SEACOMEC</subfield>
    <subfield code="b">SEACOMEC</subfield>
    <subfield code="d">2007-08-28</subfield>
    <subfield code="l">0</subfield>
    <subfield code="o">621.3 T398</subfield>
    <subfield code="p">8331</subfield>
    <subfield code="r">2024-06-20 15:24:20</subfield>
    <subfield code="t">18</subfield>
    <subfield code="w">2024-06-20</subfield>
    <subfield code="y">BOOK</subfield>
  </datafield>
  <datafield tag="952" ind1=" " ind2=" ">
    <subfield code="0">0</subfield>
    <subfield code="1">0</subfield>
    <subfield code="2">ddc</subfield>
    <subfield code="4">0</subfield>
    <subfield code="7">0</subfield>
    <subfield code="a">SEACOMEC</subfield>
    <subfield code="b">SEACOMEC</subfield>
    <subfield code="d">2007-08-28</subfield>
    <subfield code="l">0</subfield>
    <subfield code="o">621.3 T398</subfield>
    <subfield code="p">8332</subfield>
    <subfield code="r">2024-06-20 15:24:20</subfield>
    <subfield code="t">19</subfield>
    <subfield code="w">2024-06-20</subfield>
    <subfield code="y">BOOK</subfield>
  </datafield>
  <datafield tag="952" ind1=" " ind2=" ">
    <subfield code="0">0</subfield>
    <subfield code="1">0</subfield>
    <subfield code="2">ddc</subfield>
    <subfield code="4">0</subfield>
    <subfield code="7">0</subfield>
    <subfield code="a">SEACOMEC</subfield>
    <subfield code="b">SEACOMEC</subfield>
    <subfield code="d">2007-08-28</subfield>
    <subfield code="l">0</subfield>
    <subfield code="o">621.3 T398</subfield>
    <subfield code="p">8333</subfield>
    <subfield code="r">2024-06-20 15:24:20</subfield>
    <subfield code="t">20</subfield>
    <subfield code="w">2024-06-20</subfield>
    <subfield code="y">BOOK</subfield>
  </datafield>
  <datafield tag="952" ind1=" " ind2=" ">
    <subfield code="0">0</subfield>
    <subfield code="1">0</subfield>
    <subfield code="2">ddc</subfield>
    <subfield code="4">0</subfield>
    <subfield code="7">0</subfield>
    <subfield code="a">SEACOMEC</subfield>
    <subfield code="b">SEACOMEC</subfield>
    <subfield code="d">2007-08-28</subfield>
    <subfield code="l">0</subfield>
    <subfield code="o">621.3 T398</subfield>
    <subfield code="p">8334</subfield>
    <subfield code="r">2024-06-20 15:24:20</subfield>
    <subfield code="t">21</subfield>
    <subfield code="w">2024-06-20</subfield>
    <subfield code="y">BOOK</subfield>
  </datafield>
  <datafield tag="952" ind1=" " ind2=" ">
    <subfield code="0">0</subfield>
    <subfield code="1">0</subfield>
    <subfield code="2">ddc</subfield>
    <subfield code="4">0</subfield>
    <subfield code="7">0</subfield>
    <subfield code="a">SEACOMEC</subfield>
    <subfield code="b">SEACOMEC</subfield>
    <subfield code="d">2007-08-28</subfield>
    <subfield code="l">0</subfield>
    <subfield code="o">621.3 T398</subfield>
    <subfield code="p">8335</subfield>
    <subfield code="r">2024-06-20 15:24:20</subfield>
    <subfield code="t">22</subfield>
    <subfield code="w">2024-06-20</subfield>
    <subfield code="y">BOOK</subfield>
  </datafield>
  <datafield tag="952" ind1=" " ind2=" ">
    <subfield code="0">0</subfield>
    <subfield code="1">0</subfield>
    <subfield code="2">ddc</subfield>
    <subfield code="4">0</subfield>
    <subfield code="7">0</subfield>
    <subfield code="a">SEACOMEC</subfield>
    <subfield code="b">SEACOMEC</subfield>
    <subfield code="d">2007-08-28</subfield>
    <subfield code="l">0</subfield>
    <subfield code="o">621.3 T398</subfield>
    <subfield code="p">8336</subfield>
    <subfield code="r">2024-06-20 15:24:20</subfield>
    <subfield code="t">23</subfield>
    <subfield code="w">2024-06-20</subfield>
    <subfield code="y">BOOK</subfield>
  </datafield>
  <datafield tag="952" ind1=" " ind2=" ">
    <subfield code="0">0</subfield>
    <subfield code="1">0</subfield>
    <subfield code="2">ddc</subfield>
    <subfield code="4">0</subfield>
    <subfield code="7">0</subfield>
    <subfield code="a">SEACOMEC</subfield>
    <subfield code="b">SEACOMEC</subfield>
    <subfield code="d">2007-08-28</subfield>
    <subfield code="l">0</subfield>
    <subfield code="o">621.3 T398</subfield>
    <subfield code="p">8337</subfield>
    <subfield code="r">2024-06-20 15:24:20</subfield>
    <subfield code="t">24</subfield>
    <subfield code="w">2024-06-20</subfield>
    <subfield code="y">BOOK</subfield>
  </datafield>
  <datafield tag="952" ind1=" " ind2=" ">
    <subfield code="0">0</subfield>
    <subfield code="1">0</subfield>
    <subfield code="2">ddc</subfield>
    <subfield code="4">0</subfield>
    <subfield code="7">0</subfield>
    <subfield code="a">SEACOMEC</subfield>
    <subfield code="b">SEACOMEC</subfield>
    <subfield code="d">2007-08-28</subfield>
    <subfield code="l">0</subfield>
    <subfield code="o">621.3 T398</subfield>
    <subfield code="p">8338</subfield>
    <subfield code="r">2024-06-20 15:24:20</subfield>
    <subfield code="t">25</subfield>
    <subfield code="w">2024-06-20</subfield>
    <subfield code="y">BOOK</subfield>
  </datafield>
  <datafield tag="952" ind1=" " ind2=" ">
    <subfield code="0">0</subfield>
    <subfield code="1">0</subfield>
    <subfield code="2">ddc</subfield>
    <subfield code="4">0</subfield>
    <subfield code="7">0</subfield>
    <subfield code="a">SEACOMEC</subfield>
    <subfield code="b">SEACOMEC</subfield>
    <subfield code="d">2007-08-28</subfield>
    <subfield code="l">1</subfield>
    <subfield code="o">621.3 T398</subfield>
    <subfield code="p">8339</subfield>
    <subfield code="r">2026-04-01 12:55:34</subfield>
    <subfield code="s">2026-03-18</subfield>
    <subfield code="t">26</subfield>
    <subfield code="w">2024-06-20</subfield>
    <subfield code="y">BOOK</subfield>
  </datafield>
  <datafield tag="952" ind1=" " ind2=" ">
    <subfield code="0">0</subfield>
    <subfield code="1">0</subfield>
    <subfield code="2">ddc</subfield>
    <subfield code="4">0</subfield>
    <subfield code="7">0</subfield>
    <subfield code="a">SEACOMEC</subfield>
    <subfield code="b">SEACOMEC</subfield>
    <subfield code="d">2007-08-28</subfield>
    <subfield code="l">0</subfield>
    <subfield code="o">621.3 T398</subfield>
    <subfield code="p">8340</subfield>
    <subfield code="r">2024-06-20 15:24:20</subfield>
    <subfield code="t">27</subfield>
    <subfield code="w">2024-06-20</subfield>
    <subfield code="y">BOOK</subfield>
  </datafield>
  <datafield tag="952" ind1=" " ind2=" ">
    <subfield code="0">0</subfield>
    <subfield code="1">0</subfield>
    <subfield code="2">ddc</subfield>
    <subfield code="4">0</subfield>
    <subfield code="7">0</subfield>
    <subfield code="a">SEACOMEC</subfield>
    <subfield code="b">SEACOMEC</subfield>
    <subfield code="d">2007-08-28</subfield>
    <subfield code="l">0</subfield>
    <subfield code="o">621.3 T398</subfield>
    <subfield code="p">8341</subfield>
    <subfield code="r">2024-06-20 15:24:20</subfield>
    <subfield code="t">28</subfield>
    <subfield code="w">2024-06-20</subfield>
    <subfield code="y">BOOK</subfield>
  </datafield>
  <datafield tag="952" ind1=" " ind2=" ">
    <subfield code="0">0</subfield>
    <subfield code="1">0</subfield>
    <subfield code="2">ddc</subfield>
    <subfield code="4">0</subfield>
    <subfield code="7">0</subfield>
    <subfield code="a">SEACOMEC</subfield>
    <subfield code="b">SEACOMEC</subfield>
    <subfield code="d">2007-08-28</subfield>
    <subfield code="l">1</subfield>
    <subfield code="o">621.3 T398</subfield>
    <subfield code="p">8342</subfield>
    <subfield code="r">2026-04-01 15:45:05</subfield>
    <subfield code="s">2026-03-18</subfield>
    <subfield code="t">29</subfield>
    <subfield code="w">2024-06-20</subfield>
    <subfield code="y">BOOK</subfield>
  </datafield>
  <datafield tag="999" ind1=" " ind2=" ">
    <subfield code="c">1200</subfield>
    <subfield code="d">1200</subfield>
  </datafield>
</record>
